| 000 | 00427nam a22001337a 4500 | ||
|---|---|---|---|
| 040 | _cNUST | ||
| 082 | _a220PRO | ||
| 100 |
_aFatima Ahmad Ali Hammad Kanzay _9119506 |
||
| 110 |
_aSupervisor Dr. Sajid Gul Khwaja A/P Kamran Aziz Bhatti _9119507 |
||
| 245 | _aPR-SOF-2216-Zynq Based Smart Camera For Real-Time Dehazing | ||
| 260 |
_aISLAMABAD: _bNUST COLLEGE OF EME, _c2023. |
||
| 650 |
_a DE-COMP-41 _9119490 |
||
| 942 |
_2ddc _cPR |
||
| 999 |
_c607198 _d607198 |
||